01218nam a22003134a 4500001001100000003000800011006001900019007001500038008004100053010001700094020002200111020002100133040002100154035002100175050002300196082001400219100002600233245007500259260005000334300001100384504006400395533015200459600007000611650001900681650003300700655002900733710001700762856012500779ebr5000383CaPaEBRm u cr cn|||||||||990628s2000 enk sb 001 0 eng  z 99038284  z0745314740 (pbk.) z0745314791 (hbk) aCaPaEBRcCaPaEBR a(OCoLC)61336526714aJC337b.R63 2000eb04a361.82211 aRobson, Terry,d1942-14aThe state and community actionh[electronic resource] /cTerry Robson. aLondon ;aSterling, Va :bPluto Press,c2000. a250 p. aIncludes bibliographical references (p. 239-243) and index. aElectronic reproduction.bPalo Alto, Calif. :cebrary,d2013.nAvailable via World Wide Web.nAccess may be limited to ebrary affiliated libraries.10aGramsci, Antonio,d1891-1937xContributions in political science. 0aCivil society. 0aCivil societyvCase studies. 7aElectronic books.2local2 aebrary, Inc.40uhttp://site.ebrary.com/lib/rucke/Doc?id=5000383zAn electronic book accessible through the World Wide Web; click to view